Normal view
MARC view
- Janathan Kandok
Entry Personal Name
001 - CONTROL NUMBER
- control field: 1436
003 - CONTROL NUMBER IDENTIFIER
- control field: OSt
005 - DATE AND TIME OF LATEST TRANSACTION
- control field: 20170504145259.0
008 - FIXED-LENGTH DATA ELEMENTS
- fixed length control field: 170504|| aca||aabn | a|a d
040 ## - CATALOGING SOURCE
- Original cataloging agency: OSt
- Transcribing agency: OSt
100 ## - HEADING--PERSONAL NAME
- Personal name: Janathan Kandok
670 ## - SOURCE DATA FOUND
- Source citation: Work cat.: (OSt): Janathan Kandok, Cemerlang peperiksaan /, 1998

PORTAL AKMAL
E-MEL JKDM
AKMAL2U
G-BAM
u-PUSTAKA